01158 2200289 4500001002100000005001500021035002000036007000300056008004100059020002200100082001100122084001700133100002300150245006600173250001100239260003900250300002800289650002500317520034300342710003300685990002500718990002500743990002500768990002500793990002500818990002500843INLIS00000000001021320211104034417 a0010-1121000008ta211104 g 0 ind  a978-979-341-175-0 a346.07 a346.07 REP k0 aRepublik Indonesia1 aKitab undang-undang hukum dagang (KUHD) /cRepublik Indonesia aCet. 1 aJakarta :bPustaka Yustisia,c2015 aviii, 192 hlm. ;c23 cm 4aUndang-undang Dagang aKitab undang-undang hukum dagang pada hakikatnya sebagai bagian khusus dari KUHPer. KUHD merupakan salah satu referensi penting di Indonesia selain komodifikasi hukum lain yang telah ada. Oleh karena KUHD merupakan referensi penting maka buku ini sangat layak untuk segera dimiliki, terutama bagi Anda yang bergerak di bidang perdagangan.0 aTim Redaksi Pustaka Yustisia a24190/MKRI-P/VI-2016 a24195/MKRI-P/VI-2016 a24191/MKRI-P/VI-2016 a24193/MKRI-P/VI-2016 a24194/MKRI-P/VI-2016 a24192/MKRI-P/VI-2016